000 00405nam a2200181Ia 4500
001 8047
005 20260306160540.0
008 260306t2001||||xx |||||||||||||| ||spa||
041 _aESP
082 _a370.1
_bCH564
100 _aChomsky, Noam
_eAUT
245 0 _aLa (des)educación
260 _c2001
300 _a235 páginas :
_ccm.
650 _aGEN
654 _aCED
942 _cLIB
_dJUS
_fJUS
_2ddc
_n
999 _c8047
_d8047